000 01140nam2a2200277 4500
001 RU\NLR\bibl\1504309
005 20250616021218.0
021 _aRU
_b2010-16646
_91112
035 _a(NLR Aleph) 001495741
090 _a1784638
_c1784638
100 _a20100426d2009 |||y0rusy50 ca
101 1 _arus
_cbua
102 _aRU
105 _ay |||||||||
200 0 _aТ. 1
_f[пер. Владимира Солоухина]
210 _d2009
_aБ. м.
215 _a638 с.
327 1 _aСодерж.: Бурятский эпос "Гэсэр"
461 0 _1001RU\NLR\bibl\1755252
_12001#$aЭпосы$vТ. 1
_91489624
_cУлан-Удэ
_d2009
_f[руководитель изд. Б.Б. Жамсуев
_nООО "Имени Гомбожаба Цыбикова и Жамсо Тумунова"
_oв 3 т.
_tЭпосы
_vТ. 1
605 _a"Гэсэриада"
_lэпический цикл сказаний о Гэсэр-хане
_qБурятская версия
_92306299
_3RU\NLR\auth\661380498
686 _aШ3(251.7=Бу)-611.0
801 0 _aRU
_bNLR
_c20100426
_gRCR
801 1 _aRU
_bNLR
_c20100426
942 _cBOOK
980 _aNB